[Event "Budapest FS03 Development"]
[Site "Budapest"]
[Date "2016.03.14"]
[Round "9"]
[White "Nemeth, Otto"]
[Black "Golubtsov, Gordey"]
[Result "1/2-1/2"]
[WhiteElo "1627"]
[BlackElo "1485"]
[PlyCount "72"]
[EventDate "2016.03.05"]
[EventType "tourn"]
[EventRounds "9"]
[EventCountry "HUN"]
[SourceTitle "EXT 2025"]
[Source "ChessBase"]
[SourceDate "2024.10.14"]
[SourceVersion "1"]
[SourceVersionDate "2024.10.14"]
[SourceQuality "1"]

1. e4 e5 2. Bc4 Bc5 3. Nf3 Nc6 4. Nc3 Nf6 5. 0-0 0-0 6. a3 d6 7. h3 a6 8. d3 h6 9. Ne2 Re8 10. Ng3 Be6 11. b3 Bd4 12. Nxd4 Nxd4 13. c3 Nc6 14. Be3 Bxc4 15. bxc4 Nd7 16. Qg4 Re6 17. Nf5 Rg6 18. Nxh6+ gxh6 19. Qf5 Qe7 20. Rab1 b6 21. Kh2 Qe6 22. Qh5 Nf6 23. Qh4 Nh7 24. g4 Qf6 25. Qg3 Ng5 26. f3 Ne6 27. h4 Nf4 28. Bxf4 Qxf4 29. Qxf4 exf4 30. d4 Re8 31. Kh3 Na5 32. Rb4 Nc6 33. Rb2 Na5 34. Rb4 Nc6 35. Rb2 Na5 36. Rb4 Nc6 1/2-1/2